00488nam a2200205Ia 4500008004100000020001800041050001400059100002200073245003200095245002500127260001500152260001600167260000900183300001600192300002600208300001000234300002300244440000700267500000800274170918s9999 xx 000 0 und d a9780545103763 bS857 2011 aStilton, Geronimo 4aThe giant diamond robbery / cby Geronimo Stilton. aNew York : bScholastic, c2011 a105 pages : bcolor illustrations ; c19cm. eGeronimo Stilton ; a44 a570